Páginas sobre una poesía (Record no. 77959)
[ view plain ]
| 000 -LEADER | |
|---|---|
| campo de control de longitud fija | 00865nam a2200241 i 4500 |
| 001 - NÚMERO DE CONTROL | |
| campo de control | 77959 |
| 003 - IDENTIFICADOR DE NÚMERO DE CONTROL | |
| campo de control | ES-MaACL |
| 005 - FECHA Y HORA DE LA ÚLTIMA TRANSACCIÓN | |
| campo de control | 20230906173457.0 |
| 007 - CAMPO FIJO DE DESCRIPCIÓN FÍSICA--INFORMACIÓN GENERAL | |
| campo de control de longitud fija | t| |
| 008 - DATOS DE LONGITUD FIJA--INFORMACIÓN GENERAL | |
| campo de control de longitud fija | 041116s2003 sp ||||1| spa d |
| 020 ## - NÚMERO INTERNACIONAL ESTÁNDAR DEL LIBRO | |
| Número Internacional Estándar del Libro | 84-8472-110-8 |
| 080 ## - NÚMERO DE LA CLASIFICACIÓN DECIMAL UNIVERSAL | |
| Número de la Clasificación Decimal Universal | 929 Reyes, Alfonso |
| 080 ## - NÚMERO DE LA CLASIFICACIÓN DECIMAL UNIVERSAL | |
| Número de la Clasificación Decimal Universal | 929 Cernuda, Luis |
| 100 1# - ENTRADA PRINCIPAL--NOMBRE DE PERSONA | |
| Nombre de persona | Reyes, Alfonso, |
| Fechas asociadas al nombre | 1889-1959 |
| 9 (RLIN) | 96554 |
| 245 10 - MENCIÓN DEL TÍTULO | |
| Título | Páginas sobre una poesía |
| Resto del título | : correspondencia Alfonso Reyes y Luis Cernuda : [1932-1959] / |
| Mención de responsabilidad, etc. | compilación, introducción y notas de Alberto Enríquez Perea. |
| 260 ## - PUBLICACIÓN, DISTRIBUCIÓN, ETC. | |
| Lugar de publicación, distribución, etc. | Sevilla : |
| Nombre del editor, distribuidor, etc. | Renacimiento, |
| Fecha de publicación, distribución, etc. | 2003. |
| 300 ## - DESCRIPCIÓN FÍSICA | |
| Extensión | 206 p. ; |
| Dimensiones | 24 cm. |
| 600 14 - PUNTO DE ACCESO ADICIONAL DE MATERIA--NOMBRE DE PERSONA | |
| Nombre de persona | Reyes, Alfonso, |
| Fechas asociadas al nombre | 1889-1959- |
| Subdivisión de forma | Correspondencia |
| 9 (RLIN) | 96556 |
| 600 14 - PUNTO DE ACCESO ADICIONAL DE MATERIA--NOMBRE DE PERSONA | |
| Nombre de persona | Cernuda, Luis, |
| Fechas asociadas al nombre | 1902-1963- |
| Subdivisión general | Correspondencia |
| 9 (RLIN) | 37532 |
| 700 1# - ENTRADA AGREGADA--NOMBRE PERSONAL | |
| Nombre de persona | Enríquez Perea, Alberto. |
| 9 (RLIN) | 47291 |
| 852 ## - LOCALIZACIÓN | |
| Ubicación | ES-MaACL |
| Número de control de estantería | L-28455 |
| Sublocalización o colección | R.134300 |
| Estatus retirado | Estado de pérdida | Estado de daño | No para préstamo | Biblioteca de origen | Biblioteca actual | Ubicación en estantería | Fecha de adquisición | Fuente de adquisición | Total de préstamos | Signatura topográfica completa | Código de barras | Visto por última vez | Precio de reemplazo | Tipo de ítem Koha |
|---|---|---|---|---|---|---|---|---|---|---|---|---|---|---|
| Biblioteca del Ateneo de Madrid | Biblioteca del Ateneo de Madrid | Depósito 2 | 17/01/2008 | L-28455 | 1081556 | 23/02/2023 | 23/02/2023 | Libro impreso |
